Pilgrim of Love (Record no. 250384)

MARC details
000 -LEADER
fixed length control field 00282pam a2200121a 44500
008 - FIXED-LENGTH DATA ELEMENTS--GENERAL INFORMATION
fixed length control field 230405s1997 xxu||||| |||| 00| 0 eng d
082 ## - DEWEY DECIMAL CLASSIFICATION NUMBER
Classification number
Item number VAZ
100 ## - MAIN ENTRY--PERSONAL NAME
Personal name Vaz Yves
245 ## - TITLE STATEMENT
Title Pilgrim of Love
260 ## - PUBLICATION, DISTRIBUTION, ETC.
Place of publication, distribution, etc. Pune
Name of publisher, distributor, etc. Geeta Publications
Date of publication, distribution, etc. 1997
300 ## - PHYSICAL DESCRIPTION
Extent 144 p
906 ## - LOCAL DATA ELEMENT F, LDF (RLIN)
a 001810

No items available.